000 00652nam a22002177a 4500
005 20160121041327.0
008 100504s2010 nyua b 001 0 eng
020 _a9780071470797 (pbk. : alk. paper)
020 _a0071470794 (pbk. : alk. paper)
041 0 _aeng
080 _a617.52
245 0 0 _aCosmetic surgery /
_c[edited by] Robert T. Grant, Constance M. Chen.
260 _aNew York :
_bMcGraw-Hill Medical,
_c2010.
300 _a287 f. :
_bme il.;
_c24 cm.
505 0 _aIndex: f. 279 - 287
650 0 _aKirurgji Plastike
650 0 _aTeknikat kozmetike
700 1 _aGrant, Robert T.
700 1 _aChen, Constance M.
942 _2udc
_cBK
999 _c574
_d574